000 00462 a2200133 4500
000 nam a22 7a 4500
100 _aसिंहल, ब्रजेन्द्रकुमार
110 _aसिंहल, ब्रजेन्द्रकुमार
245 _aमहायोगराज गोरखनाथ
250 _aLatest edition
260 _b Radhakrishna Prakashan
_c2025
264 _b Radhakrishna Prakashan
_c2025
942 _cBK
999 _c393952
_d393952